|
|
|
|
| LEADER |
00000cam a2200000 7i4500 |
| 001 |
0000044548 |
| 005 |
20151222.0 |
| 008 |
150106 |
| 020 |
|
|
|a 9838325486
|
| 090 |
0 |
0 |
|a JF
|b NS
|c RID MAL
|
| 100 |
1 |
|
|a Amril Shah
|
| 245 |
1 |
0 |
|a Teka-teki acara sukan
|c Amril Shah
|
| 260 |
|
|
|a Petaling Jaya :
|b Anugerah Pub. ,
|c 2014
|
| 440 |
|
|
|a Siri Pantun Teka-teki
|
| 500 |
|
|
|a Children ages 7-9 years old (orange)
|
| 650 |
|
0 |
|a Pantoums
|
| 650 |
|
0 |
|a Riddles
|x Malay
|
| 999 |
|
|
|a 0001307823
|b Book
|c Children Collection
|e Cawangan Taman Universiti
|
| 999 |
|
|
|a 0001307824
|b Book
|c Children Collection
|e Cawangan Bukit Gambir
|
| 999 |
|
|
|a 0001307826
|b Book
|c Children Collection
|e Cawangan Batu Pahat
|
| 999 |
|
|
|a 0001307829
|b Book
|c Children Collection
|e Cawangan Segamat
|
| 999 |
|
|
|a 0001307830
|b Book
|c Children Collection
|e Cawangan Pontian
|
| 999 |
|
|
|a 0001307831
|b Book
|c Children Collection
|e Cawangan Tangkak
|
| 999 |
|
|
|a 0001307832
|b Book
|c Children Collection
|e Cawangan Mersing
|
| 999 |
|
|
|a 0001307834
|b Book
|c Children Collection
|e Cawangan Tmn. Ungku Tun Aminah
|
| 999 |
|
|
|a 0001307835
|b Book
|c Children Collection
|e Cawangan Bandar Penawar
|
| 999 |
|
|
|a 0001307836
|b Book
|c Children Collection
|e Cawangan Kota Tinggi
|
| 999 |
|
|
|a 0001324592
|b Book
|c Children Collection
|e Cawangan Urban Transformation Centre
|
| 999 |
|
|
|a 1307827
|b Book
|c Children Collection
|e Cawangan Muar
|